000
00373nam a2200133Ia 4500
003
GCL
008
140319s9999 xx 000 0 ara d
040
_a
GCL /
_c
GCL
082
0
4
_a
818.83
_b
م ح
245
1
0
_a
حديث عند قصر النيل
260
_a
[S.N] :
_b
دار الحرية للصحافة والطباعة والنشر ،
_c
1978
300
_a
250 ص
490
_a
999
_c
53452
_d
53452